000 00485nam a22001817a 4500
999 _c3435
_d3392
008 190530b ||||| |||| 00| j eng d
020 _a9789750814044
041 _atur
050 _aPL248.T8753
100 _985
_aTürkay, Orçun
245 _aZavallı
250 _a1.Baskı
260 _aİstanbul:
_bYapı Kredi Yayınları,
_cNisan 2008
300 _a95 Sayfa
500 _aYapı Kredi Yayınları - 2677 Edebiyat - 816
650 0 _9145
_aTürk Edebiyatı
942 _2lcc
_cBK